Curso de computación e informática
Enregistré dans:
| Auteurs principaux: | , |
|---|---|
| Format: | Livre |
| Langue: | espagnol |
| Publié: |
Santiago
Universitaria
1983
|
| Collection: | Colección Nueva Técnica
|
| Sujets: | |
| Tags: |
Ajouter un tag
Pas de tags, Soyez le premier à ajouter un tag!
|
MARC
| LEADER | 00000nam a2200000 a 4500 | ||
|---|---|---|---|
| 001 | UCV3886 | ||
| 003 | CL-VaPUC | ||
| 008 | 870930e19830000CL |||||||||||||||||spa|d | ||
| 082 | 0 | 4 | |a 004 |b PER |2 21 |
| 100 | 0 | |a Pérez V., Víctor L |e author |9 298297 | |
| 700 | 0 | |a Pino U., José |e author |9 298298 | |
| 245 | 1 | 0 | |a Curso de computación e informática |
| 300 | |a 4 v | ||
| 942 | |c BK | ||
| 945 | |d 19870930 00:00:00 |a mfernand | ||
| 260 | |a Santiago |b Universitaria |c 1983 | ||
| 500 | |a v.1: Introducción a los computadores y su programación | ||
| 500 | |a v.2: Estructuras de datos y organización de archivos | ||
| 500 | |a v.3: Sistemas de administración y sistemas de información administrativos | ||
| 500 | |a v.4: Etapas en el desarrollo de un sistema de información administrativo | ||
| 650 | 0 | |a Procesamiento electrónico de datos |9 259457 | |
| 650 | 0 | |a Informática |9 260044 | |
| 583 | |a last modification |c 20150417 17:44:47 |k Rodrigo Vera | ||
| 490 | 0 | |a Colección Nueva Técnica | |
| 999 | |c 210997 |d 210995 | ||
| 952 | |0 0 |1 0 |4 0 |6 004_000000000000000_PER_1983 |7 0 |8 A |9 188204 |a BIBGIM |b BIBGIM |d 2019-11-14 |h v.3 |i 1414135 |o 004 PER 1983 |p 1414135 |r 2025-01-15 |w 2019-11-14 |y BK |k COM | ||
| 952 | |0 0 |1 0 |4 0 |6 004_000000000000000_PER_1983 |7 0 |8 A |9 188205 |a BIBGIM |b BIBGIM |d 2019-11-14 |h v.4 |i 1414186 |o 004 PER 1983 |p 1414186 |r 2025-01-15 |w 2019-11-14 |y BK |k COM | ||